Fundamentals of heat and mass transfer (Record no. 44157)

MARC details
000 -LEADER
fixed length control field 00800nam a2200229 a 4500
008 - FIXED-LENGTH DATA ELEMENTS--GENERAL INFORMATION
fixed length control field 120416s1985 ||||||||||||||||| || u
020 ## - INTERNATIONAL STANDARD BOOK NUMBER
International Standard Book Number 0471885509
050 ## - LIBRARY OF CONGRESS CALL NUMBER
Classification number QC 320 Inc
100 ## - MAIN ENTRY--PERSONAL NAME
Personal name DeWitt, David P., 1934-
245 10 - TITLE STATEMENT
Title Fundamentals of heat and mass transfer
250 ## - EDITION STATEMENT
Edition statement 2nd ed.
260 ## - PUBLICATION, DISTRIBUTION, ETC.
Place of publication, distribution, etc. New York
Name of publisher, distributor, etc. John Wiley and Sons
Date of publication, distribution, etc. 1985
300 ## - PHYSICAL DESCRIPTION
Extent xxiii, 802p. : ill.
350 ## - PRICE (NR) (BK AM CF MU VM SE) [OBSOLETE]
Price 0.00
500 ## - GENERAL NOTE
General note Rev. ed. of: Fundamentals of heat transfer. c1981. -Includes bibliographies and index.
650 ## - SUBJECT ADDED ENTRY--TOPICAL TERM
Topical term or geographic name entry element HEAT--TRANSMISSION
650 ## - SUBJECT ADDED ENTRY--TOPICAL TERM
Topical term or geographic name entry element HEAT TRANSFER
650 #0 - SUBJECT ADDED ENTRY--TOPICAL TERM
Topical term or geographic name entry element PHYSICS
650 ## - SUBJECT ADDED ENTRY--TOPICAL TERM
Topical term or geographic name entry element MASS TRANSFER
700 ## - ADDED ENTRY--PERSONAL NAME
Personal name Incropera, Frank P
995 ## - RECOMMENDATION 995 [LOCAL, UNIMARC FRANCE]
-- 0.00
-- CBU-MAIN LIBRARY (Kitwe)
-- 1
-- 71.55
-- 1
-- DAMAGED
-- Main Library Open Access Collection
Holdings
Withdrawn status Lost status Source of classification or shelving scheme Damaged status Not for loan Home library Current library Shelving location Date acquired Total Checkouts Full call number Barcode Date last seen Price effective from Koha item type
          CBU-MAIN LIBRARY, KITWE. CBU-MAIN LIBRARY, KITWE.   11/30/2022   QC 320 Inc 012848 11/30/2022 11/30/2022 MONOGRAPH